Courage: (Record no. 14797)

000 -LEADER
fixed length control field 00738nam a2200205 a 4500
001 - CONTROL NUMBER
control field :::00012631$&:&@@
003 - CONTROL NUMBER IDENTIFIER
control field OkBaRHE
005 - DATE AND TIME OF LATEST TRANSACTION
control field 20110310152943.0
008 - FIXED-LENGTH DATA ELEMENTS--GENERAL INFORMATION
fixed length control field s1985 g 000 0 eng u
040 ## - CATALOGING SOURCE
Transcribing agency
100 1# - MAIN ENTRY--PERSONAL NAME
Personal name Cole, Edwin Louis.
9 (RLIN) 728
245 10 - TITLE STATEMENT
Title Courage:
Remainder of title a book for champions.
260 ## - PUBLICATION, DISTRIBUTION, ETC. (IMPRINT)
Place of publication, distribution, etc Tulsa, OK., :
Name of publisher, distributor, etc Harrison House
Date of publication, distribution, etc c1985
300 ## - PHYSICAL DESCRIPTION
Extent 164 p. ;
Dimensions 18 cm.
650 ## - SUBJECT ADDED ENTRY--TOPICAL TERM
Topical term or geographic name as entry element Single Men
9 (RLIN) 729
942 ## - ADDED ENTRY ELEMENTS (KOHA)
Source of classification or shelving scheme
Koha item type Books
Copies
Lost status Copy number Damaged status Date acquired Full call number Withdrawn status Date last seen Price effective from Source of classification or shelving scheme Permanent Location Not for loan Shelving location Koha item type Barcode
 1 2010-04-14HQ 834 .C6 2010-04-142010-04-14 RHEMA Bible Training College General StacksBooks12631
 2 2010-04-14HQ 834 .C6 2010-04-142010-04-14 RHEMA Bible Training College General StacksBooks16563
 3 2010-04-14HQ 834 .C6 2010-04-142010-04-14 RHEMA Bible Training College General StacksBooks20203